History Quiz

Random History or Famous Quiz

Famous Hotel Happenings Quiz Stats

Quiz Updated Apr 12, 2017

Challenge
Share
Tweet
Embed
Score 0/20 Timer 05:00
0 Plays Today
Hotel Person % Correct
Kempinski Hotel Adlon, Berlin (2002)Michael Jackson
95.4%
The Watergate, Washington DC (1972)Richard Nixon
85.7%
Hotel Ritz Paris, Paris (1997)Diana, Princess of Wales
81.2%
The Mayflower, Washington, D.C. (1933)Franklin Roosevelt
80.8%
Washington Hilton, Washington D.C (1981)Ronald Reagan
80.1%
Ambassador Hotel, Los Angeles (1968)Robert F. Kennedy
79.6%
Lorraine Motel, Memphis (1968)Martin Luther King, Jr.
79.5%
Fairmont Queen Elizabeth Hotel, Montreal (1969)John Lennon and Yoko Ono
71.3%
Palace Station Hotel and Casino, Las Vegas (2007)O. J. Simpson
63.3%
Chateau Marmont Hotel, Hollywood (1982)John Belushi
52.7%
Hotel Person % Correct
Desert Holiday Inn, Las Vegas (1966)Howard Hughes
48.1%
Chelsea Hotel, New York (1978)Sid Vicious
47.7%
Landmark Hotel, Hollywood (1970)Janis Joplin
44.4%
Savoy, London (1900-01)Claude Monet
35.6%
Sunset Tower Hotel, HollywoodJohn Wayne
33.6%
The Flint, Michigan Holiday Inn (1967)Keith Moon
23.2%
The Ritz-Carlton, Sydney (1997)Michael Hutchence
18.7%
Chateau Marmont Hotel, Hollywood (1970s)Led Zeppelin
15%
Barrett Hotel, New York (1888)Eugene O'Neill
11.1%
Hotel Mark Twain, San Francisco (1949)Billie Holiday
10.4%

You're not logged in!

Compare scores with friends on all Sporcle quizzes.
Join for Free
OR
Log In

You Might Also Like...

Show Comments

Extras

Top Quizzes Today


Score Distribution

Your Account Isn't Verified!

In order to create a playlist on Sporcle, you need to verify the email address you used during registration. Go to your Sporcle Settings to finish the process.

Report this User

Report this user for behavior that violates our Community Guidelines.

Details: